| 000 | 00676nam a22001817a 4500 | ||
|---|---|---|---|
| 999 |
_c121232 _d121232 |
||
| 001 | K121232 | ||
| 008 | 160218b2020 xxu||||| |||| 00| 0 eng d | ||
| 041 | _aeng | ||
| 110 | 2 | _aWWF-UK | |
| 245 |
_aGlobal Futures: _bModelling the global economic impacts of environmental change to support policy-making. _cTechnical report |
||
| 260 | _c2020 | ||
| 520 | _aReport is a landmark study using cutting-edge modelling to explore the global economic impacts of natural capital depletion. | ||
| 650 | _aEnvironment | ||
| 651 | _aUnited Kingdom 1973 | ||
| 690 |
_96238 _aEnvironment |
||
| 856 |
_uhttps://www.wwf.org.uk/globalfutures _zFor the full WWF Report. |
||
| 942 | _n0 | ||